Least Desirable States To Live In According To U.S. Citizens - Statistics

General Stats
  • This quiz has been taken 33 times
  • The average score is 6 of 10
Answer Stats
Peak Population Growth Answer % Correct
1960-1970 California
85%
1970-1980 Alabama
67%
1960-1970 Mississippi
67%
1960-1970 New York
67%
2010-2020 Texas
67%
1970-1980 Florida
63%
1970-1980 Alaska
59%
1960-1970 New Jersey
52%
1970-1980 Arkansas
37%
1990-2000 Washington
33%
No matching quizzes found
Score Distribution
Percent of People with Each Score
Percentile by Number Answered
Your Score History
You have not taken this quiz